00640nam a22001697a 4500003000200000005001700002008004100019020002200060050002700082100002800109245008400137260004500221300005200266504005100318650005600369650004500425020250917152424.0250917b xxu||||| |||| 00| 0 eng d a979-8-89161-693-6 aQA 76.9.A84b.K45 2025 aKelly, Dawson,eauthor. aArtificial intelligence and society :bethics and implications /cDawson Kelly. aJersey City, USA :bAlexis Press,c2025. ax, 315 pages :bcolored illustrations ;c27 cm. aIncludes bibliographical references and index. aArtificial intelligencexMoral and ethical aspects. aArtificial intelligencexSocial aspects.